Sièges des conseils régionaux français - Statistiques

Statistiques générales
  • Ce quiz a été pris 28 fois
  • Le résultat moyen est 14 sur 17
Statistiques - réponses
Région Ville siège % Correct
Corse Ajaccio
100%
Hauts-de-France Lille
100%
Auvergne-Rhône-Alpes Lyon
100%
Bretagne Rennes
100%
Grand Est Strasbourg
100%
Nouvelle-Aquitaine Bordeaux
92%
Normandie Caen
92%
PACA Marseille
92%
Pays-de-la-Loire Nantes
88%
Centre-Val-de-Loire Orléans
88%
Guyane Cayenne
83%
Martinique Fort-de-France
83%
Occitanie Montpellier
83%
La Réunion Saint-Denis
83%
Guadeloupe Basse-Terre
67%
Bourgogne-Franche-Comté Besançon
58%
Île-de-France Saint-Ouen-sur-Seine
21%
Aucun quiz correspondant
Distribution des résultats
% des personnes avec chaque résultat
Percentile par nombre de réponses
Votre historique - résultats
Vous n’avez pas pris ce quiz